00520 2200169 4500001002100000005001700021008004100038035002400079082001000103090002000113245008500133260003600218300003100254650002400285700002000309999002100329YOGYA-0411000000184820110421090639.0 ind  0010-041100000001848 a634.9 a634.9bDeslDEP aDesa mengepung hutanbProsiding seminar dan lokakaryacpenyunting Irfan Bachtiar aYogyakartabLembaga Arupac2000 aviiib144 hlmcilusd21 cm aHutan dan Kehutanan aBakhtiar, Irfan aCB-D.11 2000-419